| 000 | 00494cam a2200169 4500 | ||
|---|---|---|---|
| 001 | WS110359 | ||
| 008 | 000000n 000 0 eng u | ||
| 035 | _a(Sirsi) u110359 | ||
| 245 | _aMaporama | ||
| 520 | _aThis is basically a travel web site but has excellent maps of Europe and the US. | ||
| 650 | _aMAPS | ||
| 650 | _aEUROPE | ||
| 650 | _aUSA | ||
| 690 | _aINTERNATIONAL | ||
| 856 | 4 | 0 |
_uhttps://www.maporama.co.uk _zView the website free of charge at www.maporama.co.uk... |
| 942 | _n0 | ||
| 999 |
_c119746 _d119746 |
||